L'évolution politique dans les diverses races humaines / (Record no. 157634)

MARC details
000 -LEADER
campo de control de longitud fija 00769nam a22002175i 4500
001 - NÚMERO DE CONTROL
campo de control 157634
003 - IDENTIFICADOR DE NÚMERO DE CONTROL
campo de control ES-MaACL
005 - FECHA Y HORA DE LA ÚLTIMA TRANSACCIÓN
campo de control 20230906210754.0
008 - DATOS DE LONGITUD FIJA--INFORMACIÓN GENERAL
campo de control de longitud fija 011011s1890 fr |||| | fre d
040 ## - FUENTE DE CATALOGACIÓN
Centro catalogador/agencia de origen CAM
Lengua de catalogación spa
Centro/agencia transcriptor CAM
080 ## - NÚMERO DE LA CLASIFICACIÓN DECIMAL UNIVERSAL
Número de la Clasificación Decimal Universal 32(091)
100 1# - ENTRADA PRINCIPAL--NOMBRE DE PERSONA
Nombre de persona Letourneau, Charles.
9 (RLIN) 71888
245 12 - MENCIÓN DEL TÍTULO
Título L'évolution politique dans les diverses races humaines /
Mención de responsabilidad, etc. par Ch. Letourneau.
260 ## - PUBLICACIÓN, DISTRIBUCIÓN, ETC.
Lugar de publicación, distribución, etc. Paris :
Nombre del editor, distribuidor, etc. Lecrosnier et Babé, libraires-éditeurs,
Fecha de publicación, distribución, etc. 1890 (
Fabricante Imprimeries réunies B)
300 ## - DESCRIPCIÓN FÍSICA
Extensión XXIII, 561 p. ;
Dimensiones 23 cm.
490 1# - MENCIÓN DE SERIE
Mención de serie Bibliothèque anthropologique ;
Designación de volumen o secuencia 11
650 ## - PUNTO DE ACCESO ADICIONAL DE MATERIA--TÉRMINO DE MATERIA
Término de materia o nombre geográfico como elemento de entrada Política-
Subdivisión de forma Historia.
9 (RLIN) 172015
830 0# - PUNTO DE ACCESO ADICIONAL DE SERIE-TÍTULO UNIFORME
Título uniforme Bibliothèque anthropologique ;
Designación de volumen o secuencia 11
9 (RLIN) 187951
852 ## - LOCALIZACIÓN
Ubicación ES-MaACL
Número de control de estantería F-14322
Nota libre -- Enc. pasta española
Holdings
Estatus retirado Estado de pérdida Estado de daño No para préstamo Colección Biblioteca de origen Biblioteca actual Ubicación en estantería Fecha de adquisición Fuente de adquisición Total de préstamos Signatura topográfica completa Código de barras Visto por última vez Precio de reemplazo Tipo de ítem Koha
        Libros del s. XIX Biblioteca del Ateneo de Madrid Biblioteca del Ateneo de Madrid Sala Pecera Planta 2 17/01/2008     F-14322 1164959 23/02/2023 23/02/2023 Libro impreso antiguo